Music Quiz

Random Music Quiz

Every artist with a UK top 40 single in the 80s - T Quiz Stats

 Plays Quiz not verified by Sporcle

Score 0/52 Timer 08:00
0 Plays Today
Biggest Hit Artist % Correct
AfricaToto
98.2%
Total Eclipse Of The HeartBonnie Tyler
95.8%
Everybody Wants To Rule The WorldTears For Fears
94.6%
I Think We're Alone NowTiffany
92.2%
What's Love Got To Do With It?Tina Turner
90.4%
I'd Rather Go BlindRuby Turner
83.8%
China In Your HandT'Pau
83.2%
Road To NowhereTalking Heads
81.4%
The Lion Sleeps TonightTight Fit
73.1%
Pump Up The JamTechnotronic
71.3%
The Beat(en) GenerationThe The
71.3%
You Take Me UpThe Thompson Twins
67.7%
I Don't Want A LoverTexas
67.1%
Swords Of A Thousand MenTenpole Tudor
65.3%
Doctorin' The TardisThe Timelords
65.3%
Heaven Must Be Missing An AngelTavares
64.7%
Baby I Don't CareTransvision Vamp
62.3%
The Birdie Song (Birdie Dance)The Tweets
61.7%
RewardThe Teardrop Explodes
61.1%
Da Da DaTrio
60.5%
It's A MysteryToyah
59.9%
TodayTalk Talk
55.1%
Nellie The ElephantToy Dolls
53.3%
Wordy RappinghoodTom Tom Club
52.1%
The Future's So Bright I Gotta Wear ShadesTimbuk 3
50.9%
High EnergyEvelyn Thomas
48.5%
Biggest Hit Artist % Correct
I Eat CannibalsToto Coelo
46.7%
Sexy GirlLillo Thomas
46.1%
Treat Her Like A LadyThe Temptations
42.5%
Big AreaThen Jerico
42.5%
Handle With CareTraveling Wilburys
42.5%
Good TraditionTanita Tikaram
39.5%
Killer On the LooseThin Lizzy
38.3%
RumorsTimex Social Club
38.3%
I Am (I'm Me)Twisted Sister
35.9%
I Love My Radio (My Dee Jay's Radio)Taffy
34.7%
The House That Jack BuiltTracie
31.1%
Living On VideoTrans-X
25.1%
So Good To Be Back Home AgainThe Tourists
24.6%
John Ketley Is A WeathermanA Tribe of Toffs
22.8%
There Ain't Nothing Like ShaggingThe Tams
22.2%
Do You Believe In The WestworldTheatre of Hate
21%
That's The Way Love IsTen City
19.2%
Rough BoysPete Townshend
19.2%
Dancing On The Floor (Hooked On Love)Third World
18%
Love Lies LostHelen Terry
16.8%
Confusion (Hits Us Every Time)The Truth
16.2%
I'm Tired Of Getting Pushed AroundTwo Men, a Drum Machine and a Trumpet
16.2%
Check Out The GrooveBobby Thurston
13.8%
Turn Up The BassTyree
10.2%
My Mum Is One In A MillionThe children of Tansley School
9%
Takes A Little TimeTotal Contrast
7.2%
Remove Ads.
Support Sporcle.
Get the best of Sporcle when you Go Orange. This ad-free experience offers more features, more stats, and more fun while also helping to support Sporcle. Thank you for becoming a member.

You're not logged in!

Compare scores with friends on all Sporcle quizzes.
OR
Log In

Sporcle TV

Today on Sporcle TV


Watch our educational content, quiz creation guides, and fun videos on Sporcle TV.

Show Comments

Extras

Top Quizzes Today


Score Distribution

Paid Content

Your Account Isn't Verified!

In order to create a playlist on Sporcle, you need to verify the email address you used during registration. Go to your Sporcle Settings to finish the process.

Report this User

Report this user for behavior that violates our Community Guidelines.

Details: